000 00557nam a22001817a 4500
005 20250414171917.0
008 250414b |||||||| |||| 00| 0 eng d
020 _a0231060807
020 _a0231060815
050 _aGF95
_b.M48 MET
245 _aMethods and Theory for Activity Area Research:
_bAn ethnoarchaeological approach/
_cEdited by; Susan Kent
260 _aNew York
_bColumbia University Press
_c1987
300 _axi. 643p.
_bill.
_c23 cm
500 _aIncludes Index
650 _2Geography
700 _aKent Susan (editor)
942 _2lcc
_cBK
_n0
999 _c5466
_d5466